1902 1989 1722 1643 1734 1572 1677 1768 1382 1543 1158 1657 1130 1765 1102 1933 1515 1492 1543 1463 1514 1218 1555 1245 1643 1973 1116 1224 1873 1240 1263 1979 1094 1016 1606 1914 1514 1311 1117 1006 1344 1561 1609 1708 1774 1456 1121 1816 1906 1854 1310 1631 1898 1894 1498 1775 1879 1304 1120 1969 1960 1931 1859 1297 1577 1276 1918 1713 1850 1831 1506 1190 1942 1873 1505 1955 1265 1546 1631 1890 1995 1096 1073 1729 1415 1270 1165 1306 1955 1168 1020 1925 1008 1411 1315 1848 1466 1222 1753 BCNSPRNW ULIB Ver.6.0+V

เปลี่ยนเป็นภาษาไทย

Change to English
 แสดงรายละเอียดบรรณานุกรม
  กลับหน้าหลัก

Brief Record : Get Marc (ISO 2709) : E-mail record : QR code < ปิดหน้าต่าง
LEADER : 00000nam 2200000uu 4500
001    13399113437
003     ULIB
008    111116s2549||||th 000 0 tha d
020    ^a9748137007
060 04 ^aW62^bC734 2549
245 00 ^aCommunication skills :^bสื่อสารอย่างไรให้ประสบความสำเร็จ /^cบรรณาธิการ, ชิษณุ พันธุ์เจริญ, รัตโนทัย พลับรู้การ, อุษาทิสยากร
246 30 ^aสื่อสารอย่างไรให้ประสบความสำเร็จ
250    ^aพิมพ์ครั้งที่ 1
260    ^aกรุงเทพฯ :^bสมาคมกุมารแพทย์แห่งประเทศไทย,^c2549
300    ^a98 หน้า ;^c21 ซม.
650  7 ^aการสื่อสารทางการแพทย์
650  7 ^aผู้ป่วย^xการให้คำปรึกษา
700 0  ^aชิษณุ พันธุ์เจริญ,^eบรรณาธิการ
700 0  ^aรัตโนทัย พลับรู้การ,^eบรรณาธิการ
700 0  ^aอุษา ทิสยากร,^eบรรณาธิการ
945    ^p120^l0^i14147
995    ^aกัณชพร
999    ^aใช้งานได้ทุกระบบ
รายการนี้ยังไม่มีแท็ก
คุณยังไม่ได้ล็อกอิน คุณสามารถมีกิจกรรมร่วมกับเว็บไซต์ได้ แต่ต้องล็อกอินก่อน ::
  ล็อกอิน

รายการสื่อสารสนเทศ

ลำดับที่ ประเภท เลขเรียก/บาร์โค้ด สถานที่ สถานะ
- ไม่พบข้อมูล -

รายการใกล้เคียง
    หัวเรื่อง [การสื่อสารทางการแพทย์]

BibComment


ยังไม่เคยถูกคอมเมนท์

คอมเมนท์ทรัพยากรรายการนี้
  คอมเมนท์: Communication sk..


 Copyright 2026. Bcnsprnw @Library